| 000 | 00415nam a2200181Ia 4500 | ||
|---|---|---|---|
| 008 | 230512s9999 xx 000 0 und d | ||
| 041 | _aeng | ||
| 082 | _a658.83 | ||
| 100 | _aLUCK D/ RUBIN R | ||
| 245 | _aMARKETING RESEARCH ( LUCK ) | ||
| 250 | _a7 | ||
| 260 | _bP H I PVT. LTD. NEW DELHI 110001 | ||
| 300 | _a682 | ||
| 365 | _b298 | ||
| 500 | _aPaper Back | ||
| 520 | _aGeneral | ||
| 650 | _aManagement | ||
| 999 |
_c408270 _d408270 |
||